Аграрный неоколониализм. Опыт критического анализа: [монография]

Bibliografiske detaljer
Hovedforfatter: Иванчук С. Г. Сергей Григорьевич
Institution som forfatter: Академия наук СССР (АН СССР) Институт востоковедения (ИВ)
Andre forfattere: Пузь В. И. Валерий Иванович
Summary:Исключено из фонда НТБ ТПУ
Sprog:russisk
Udgivet: Москва, Наука, 1989
Format: MixedMaterials Bog
KOHA link:https://koha.lib.tpu.ru/cgi-bin/koha/opac-detail.pl?biblionumber=254809

MARC

LEADER 00000nam0a2200000 4500
001 254809
005 20231031215006.0
010 |a 5020165018 
020 |a RU  |b 89-61900 
035 |a (RuTPU)RU\TPU\book\277299 
090 |a 254809 
100 |a 20140324d1989 k y0rusy5003 ca 
101 0 |a rus 
102 |a RU 
105 |a y z 001zy 
200 1 |a Аграрный неоколониализм. Опыт критического анализа  |e [монография]  |f С. Г. Иванчук, В. И. Пузь  |g Академия наук СССР (АН СССР), Институт востоковедения (ИВ) 
210 |a Москва  |c Наука  |d 1989 
215 |a 212,[2] с. 
333 |a Исключено из фонда НТБ ТПУ 
700 1 |a Иванчук  |b С. Г.  |g Сергей Григорьевич 
701 1 |a Пузь  |b В. И.  |g Валерий Иванович 
712 0 2 |a Академия наук СССР (АН СССР)  |b Институт востоковедения (ИВ)  |c (Москва) 
801 0 |a RU  |b RuMRKP  |c 19950417  |g psbo 
801 1 |a RU  |b 63413507  |c 20140324 
801 2 |a RU  |b 63413507  |c 20220413  |g RCR 
942 |c BK